MARC details
| 000 -LEADER |
| fixed length control field |
04504cam a22007218i 4500 |
| 001 - CONTROL NUMBER |
| control field |
on1456986378 |
| 003 - CONTROL NUMBER IDENTIFIER |
| control field |
OCoLC |
| 005 - DATE AND TIME OF LATEST TRANSACTION |
| control field |
20250212165637.0 |
| 008 - FIXED-LENGTH DATA ELEMENTS--GENERAL INFORMATION |
| fixed length control field |
240725s2025 nyua j 000 0aeng |
| 010 ## - LIBRARY OF CONGRESS CONTROL NUMBER |
| LC control number |
2024009803 |
| 020 ## - INTERNATIONAL STANDARD BOOK NUMBER |
| International Standard Book Number |
9781338753943 |
| Qualifying information |
(hardcover) |
| 020 ## - INTERNATIONAL STANDARD BOOK NUMBER |
| International Standard Book Number |
1338753940 |
| Qualifying information |
(hardcover) |
| 020 ## - INTERNATIONAL STANDARD BOOK NUMBER |
| Cancelled/invalid ISBN |
9781338753967 |
| Qualifying information |
(ebk) |
| 035 ## - SYSTEM CONTROL NUMBER |
| System control number |
(OCoLC)1456986378 |
| 040 ## - CATALOGING SOURCE |
| Original cataloging agency |
DLC |
| Language of cataloging |
eng |
| Description conventions |
rda |
| Transcribing agency |
DLC |
| Modifying agency |
OCLCO |
| -- |
IG# |
| -- |
SO$ |
| -- |
JAS |
| -- |
ILC |
| -- |
CHILD |
| -- |
OCLCO |
| 042 ## - AUTHENTICATION CODE |
| Authentication code |
pcc |
| 043 ## - GEOGRAPHIC AREA CODE |
| Geographic area code |
n-us-la |
| 050 00 - LIBRARY OF CONGRESS CALL NUMBER |
| Classification number |
F379.N553 |
| Item number |
B7515 2025 |
| 082 00 - DEWEY DECIMAL CLASSIFICATION NUMBER |
| Classification number |
379.2/63092 |
| -- |
B |
| Edition number |
23/eng/20240923 |
| 084 ## - OTHER CLASSIFICATION NUMBER |
| Classification number |
JNF007110 |
| -- |
JNF007120 |
| Source of number |
bisacsh |
| 092 ## - LOCALLY ASSIGNED DEWEY CALL NUMBER (OCLC) |
| Classification number |
children nonfiction |
| Item number |
Bridges |
| 100 1# - MAIN ENTRY--PERSONAL NAME |
| Personal name |
Bridges, Ruby, |
| Relator term |
author. |
| 245 10 - TITLE STATEMENT |
| Title |
Ruby Bridges : |
| Remainder of title |
a talk with my teacher / |
| Statement of responsibility, etc |
written by civil rights icon Ruby Bridges ; illustrated by Trudy Tran. |
| 246 30 - VARYING FORM OF TITLE |
| Title proper/short title |
Talk with my teacher |
| 250 ## - EDITION STATEMENT |
| Edition statement |
First edition. |
| 264 #1 - Production, Publication, Distribution, Manufacture, and Copyright Notice. |
| Place of production, publication, distribution, manufacture |
New York : |
| Name of producer, publisher, distributor, manufacturer |
Orchard Books, an imprint of Scholastic Inc., |
| Date of production, publication, distribution, manufacture, or copyr |
2025. |
| 300 ## - PHYSICAL DESCRIPTION |
| Extent |
1 volume (unpaged) : |
| Other physical details |
color illustrations ; |
| Dimensions |
29 cm |
| 336 ## - Content Type |
| Content type term |
text |
| 336 ## - Content Type |
| Content type term |
still image |
| 337 ## - Media type |
| Media type term |
unmediated |
| 338 ## - Carrier type |
| Carrier type term |
volume |
| 500 ## - GENERAL NOTE |
| General note |
"Ruby reads glossary included"--Cover. |
| 520 ## - SUMMARY, ETC. |
| Summary, etc |
"Civil rights activist, Ruby Bridges, recounts her reunion with her favorite first-grade teacher, Mrs. Henry"-- |
| 520 ## - SUMMARY, ETC. |
| Summary, etc |
"Acclaimed civil rights icon, Ruby Bridges, shares the touching tale of reuniting with the first-grade teacher who changed her life, Mrs. Henry. Once again, you have shown me that you never get too old to learn. Teaching really is the noblest of professions. When Ruby Bridges was only six years old, she made history by being the first Black child to integrate William Frantz Elementary School. She became best friends with her teacher, Mrs. Henry. Excited to come back for her second year, Ruby is soon devastated to learn that Mrs. Henry isn't her second-grade teacher. Where did Mrs. Henry go? Can Ruby ever reconnect with her favorite teacher? A love letter to teachers who hold the power to change lives, Ruby Bridges: A Talk with My Teacher illuminates the lasting impact that the best of teachers can have on the lives of their students. Trudy Tran's emotive rendering of Ruby Bridges from childhood to adulthood brings new life to this heartwarming story of a reunion between two long lost best friends"-- |
| 521 ## - TARGET AUDIENCE NOTE |
| Target audience note |
Ages 4-8 |
| Source |
Scholastic Inc. |
| 521 ## - TARGET AUDIENCE NOTE |
| Target audience note |
Grades 2-3 |
| Source |
Scholastic Inc. |
| 600 10 - SUBJECT ADDED ENTRY--PERSONAL NAME |
| Personal name |
Bridges, Ruby |
| Form subdivision |
Juvenile literature. |
| 9 (RLIN) |
6386467 |
| 600 11 - SUBJECT ADDED ENTRY--PERSONAL NAME |
| Personal name |
Bridges, Ruby. |
| 600 17 - SUBJECT ADDED ENTRY--PERSONAL NAME |
| Personal name |
Bridges, Ruby |
| Form subdivision |
Biography. |
| Source of heading or term |
sears |
| 9 (RLIN) |
6538848 |
| 650 #0 - SUBJECT ADDED ENTRY--TOPICAL TERM |
| Topical term or geographic name as entry element |
African American girls |
| Geographic subdivision |
Louisiana |
| -- |
New Orleans |
| Form subdivision |
Biography |
| -- |
Juvenile literature. |
| 9 (RLIN) |
6478393 |
| 650 #0 - SUBJECT ADDED ENTRY--TOPICAL TERM |
| Topical term or geographic name as entry element |
African Americans |
| Geographic subdivision |
Louisiana |
| -- |
New Orleans |
| Form subdivision |
Biography |
| -- |
Juvenile literature. |
| 9 (RLIN) |
6458904 |
| 650 #0 - SUBJECT ADDED ENTRY--TOPICAL TERM |
| Topical term or geographic name as entry element |
Teacher-student relationships |
| Geographic subdivision |
Louisiana |
| -- |
New Orleans |
| Form subdivision |
Juvenile literature. |
| 9 (RLIN) |
6538849 |
| 650 #0 - SUBJECT ADDED ENTRY--TOPICAL TERM |
| Topical term or geographic name as entry element |
School integration |
| Geographic subdivision |
Louisiana |
| -- |
New Orleans |
| Form subdivision |
Juvenile literature. |
| 9 (RLIN) |
6386469 |
| 650 #1 - SUBJECT ADDED ENTRY--TOPICAL TERM |
| Topical term or geographic name as entry element |
African American girls |
| Geographic subdivision |
Louisiana |
| -- |
New Orleans. |
| 9 (RLIN) |
6538850 |
| 650 #1 - SUBJECT ADDED ENTRY--TOPICAL TERM |
| Topical term or geographic name as entry element |
African Americans |
| Form subdivision |
Biography. |
| 9 (RLIN) |
5675868 |
| 650 #1 - SUBJECT ADDED ENTRY--TOPICAL TERM |
| Topical term or geographic name as entry element |
Teacher-student relationships. |
| 650 #1 - SUBJECT ADDED ENTRY--TOPICAL TERM |
| Topical term or geographic name as entry element |
School integration |
| Geographic subdivision |
Louisiana |
| -- |
New Orleans. |
| 9 (RLIN) |
6478395 |
| 650 #6 - SUBJECT ADDED ENTRY--TOPICAL TERM |
| Topical term or geographic name as entry element |
Filles noires américaines |
| Geographic subdivision |
Louisiane |
| -- |
La Nouvelle-Orléans |
| Form subdivision |
Biographies |
| -- |
Ouvrages pour la jeunesse. |
| 9 (RLIN) |
6538851 |
| 650 #6 - SUBJECT ADDED ENTRY--TOPICAL TERM |
| Topical term or geographic name as entry element |
Noirs américains |
| Geographic subdivision |
Louisiane |
| -- |
La Nouvelle-Orléans |
| Form subdivision |
Biographies |
| -- |
Ouvrages pour la jeunesse. |
| 9 (RLIN) |
6538852 |
| 650 #6 - SUBJECT ADDED ENTRY--TOPICAL TERM |
| Topical term or geographic name as entry element |
Déségrégation en éducation |
| Geographic subdivision |
Louisiane |
| -- |
La Nouvelle-Orléans |
| Form subdivision |
Ouvrages pour la jeunesse. |
| 9 (RLIN) |
6538853 |
| 650 #7 - SUBJECT ADDED ENTRY--TOPICAL TERM |
| Topical term or geographic name as entry element |
JUVENILE NONFICTION / Biography & Autobiography / Social Activists. |
| Source of heading or term |
bisacsh |
| 9 (RLIN) |
5732176 |
| 650 #7 - SUBJECT ADDED ENTRY--TOPICAL TERM |
| Topical term or geographic name as entry element |
JUVENILE NONFICTION / Biography & Autobiography / Women. |
| Source of heading or term |
bisacsh |
| 9 (RLIN) |
5731983 |
| 650 #7 - SUBJECT ADDED ENTRY--TOPICAL TERM |
| Topical term or geographic name as entry element |
African American girls |
| Geographic subdivision |
Louisiana |
| -- |
New Orleans |
| Form subdivision |
Biography. |
| Source of heading or term |
sears |
| 9 (RLIN) |
6538854 |
| 650 #7 - SUBJECT ADDED ENTRY--TOPICAL TERM |
| Topical term or geographic name as entry element |
Teacher-student relationships |
| Geographic subdivision |
Louisiana |
| -- |
New Orleans. |
| Source of heading or term |
sears |
| 9 (RLIN) |
6538855 |
| 651 #0 - SUBJECT ADDED ENTRY--GEOGRAPHIC NAME |
| Geographic name |
New Orleans (La.) |
| Form subdivision |
Biography |
| -- |
Juvenile literature. |
| 9 (RLIN) |
6538856 |
| 651 #1 - SUBJECT ADDED ENTRY--GEOGRAPHIC NAME |
| Geographic name |
New Orleans (La.) |
| 655 #7 - INDEX TERM--GENRE/FORM |
| Genre/form data or focus term |
Autobiographies. |
| Source of term |
lcgft |
| 655 #7 - INDEX TERM--GENRE/FORM |
| Genre/form data or focus term |
Picture books. |
| Source of term |
lcgft |
| 655 #7 - INDEX TERM--GENRE/FORM |
| Genre/form data or focus term |
Autobiographies. |
| Source of term |
rvmgf |
| 700 1# - ADDED ENTRY--PERSONAL NAME |
| Personal name |
Tran, Trudy, |
| Relator term |
illustrator. |
| 9 (RLIN) |
6538857 |
| 776 08 - ADDITIONAL PHYSICAL FORM ENTRY |
| Display text |
Online version: |
| Main entry heading |
Bridges, Ruby |
| Title |
Talk with my teacher |
| Place, publisher, and date of publication |
New York : Orchard Books, an imprint of Scholastic Inc., [2025] |
| International Standard Book Number |
9781338753967 |
| Record control number |
(DLC) 2024009804 |
| 942 ## - ADDED ENTRY ELEMENTS (KOHA) |
| Source of classification or shelving scheme |
Dewey Decimal Classification |
| Koha item type |
BOOK |